Normal view MARC view

Entry Personal Name

Number of records used in: 1

001 - CONTROL NUMBER

  • control field: 1215118

003 - CONTROL NUMBER IDENTIFIER

  • control field: OSt

005 - DATE AND TIME OF LATEST TRANSACTION

  • control field: 20260324143307.0

008 - FIXED-LENGTH DATA ELEMENTS

  • fixed length control field: 260324|| aca||aabn | a|a d

040 ## - CATALOGING SOURCE

  • Original cataloging agency: OSt
  • Transcribing agency: OSt

100 ## - HEADING--PERSONAL NAME

  • Personal name: A.J.J.M. Ruijssenaars; K. Sijtsma; J.H.M. Hamers

670 ## - SOURCE DATA FOUND

  • Source citation: Work cat.: (OSt)1820316: A.J.J.M. Ruijssenaars; K. Sijtsma; J.H.M. Hamers, Learning Potential Assessment
Copyright @ Delhi University Library System